|
|
|
|
| LEADER |
00000nam a2200000 i 4500 |
| 001 |
1/12778 |
| 008 |
110404s2010 eng d |
| 020 |
|
|
|a 978-88-470-1783-2
|
| 035 |
|
|
|l 10109918
|
| 040 |
|
|
|a GR-MY-UA
|b gre
|e aacr
|
| 041 |
0 |
|
|a eng
|
| 082 |
0 |
|
|a 510
|2 (22)
|
| 100 |
1 |
|
|a Canuto, Claudio.
|
| 245 |
1 |
0 |
|a Mathematical analysis II /
|c Claudio Canuto, Anita Tabaco
|
| 260 |
|
|
|a New York :
|b Springer,
|c c2010
|
| 300 |
|
|
|a x, 523 σ.;
|b σχέδια;
|c 24 εκ.
|
| 504 |
|
|
|a Ευρετήριο: σ.519-523
|
| 650 |
0 |
0 |
|a Mathematical analysis.
|
| 700 |
1 |
|
|a Tabacco, Anita.
|
| 852 |
|
|
|a INST
|b CHIOS
|e 20110404
|h 515 CAN
|p 005200031268
|q 005200031268
|t BK
|y 0
|
| 901 |
|
|
|a BIBL2-2011-1
|
| 909 |
|
|
|a Χ
|b 166826
|
| 922 |
|
|
|a 2ΕΛΗ
|b 201011
|c ΤΑΚ/ΤΔΕ
|d ΜΙΧΑΛΟΠΟΥΛΟΣ
|
| 970 |
|
|
|a ΣΠΕΝΤΖΑ
|b ΕΛΕΝΗ
|z 2011/04/04
|